[Event "CZE-ch U14 Girls"]
[Site "Kouty nad Desnou"]
[Date "2017.03.18"]
[Round "9"]
[White "Pilna, Jitka"]
[Black "Richterova, Julie"]
[Result "0-1"]
[WhiteElo "1336"]
[BlackElo "1691"]
[PlyCount "74"]
[EventDate "2017.03.11"]
[EventType "swiss"]
[EventRounds "9"]
[EventCountry "CZE"]
[SourceTitle "CBM 177 Extra"]
[Source "ChessBase"]
[SourceDate "2017.04.27"]
[SourceVersion "1"]
[SourceVersionDate "2017.04.27"]
[SourceQuality "1"]

1. e4 d5 2. exd5 Qxd5 3. Nc3 Qd6 4. Bc4 Nf6 5. d3 c6 6. a3 Bg4 7. Nge2 e6 8. f3 Bf5 9. Ng3 Bg6 10. Be3 Qc7 11. Qe2 Bd6 12. Bf2 Nbd7 13. 0-0-0 0-0 14. Qe1 b5 15. Bb3 a5 16. Nge4 Be7 17. Ng5 Nc5 18. Nce4 Nxb3+ 19. cxb3 Nd5 20. Nh3 c5 21. Kb1 Rfc8 22. Rc1 Qa7 23. Rc2 Rc6 24. Qd2 Rac8 25. Rhc1 Qc7 26. Nxc5 Bf5 27. g4 Qxh2 28. gxf5 Bxc5 29. d4 Qxh3 30. Rxc5 Qxf5+ 31. Ka2 Rxc5 32. Rxc5 Ra8 33. Qc1 h5 34. Rc8+ Rxc8 35. Qxc8+ Kh7 36. Qc5 Qxf3 37. Be1 a4 0-1

[Event "CZE-ch U12 Girls"]
[Site "Kouty nad Desnou"]
[Date "2015.03.13"]
[Round "8"]
[White "Pilna, Jitka"]
[Black "Korenova, Karolina"]
[Result "1-0"]
[WhiteElo "1100"]
[BlackElo "1055"]
[PlyCount "45"]
[EventDate "2015.03.07"]
[EventType "swiss"]
[EventRounds "9"]
[EventCountry "CZE"]
[SourceTitle "EXT 2017"]
[Source "ChessBase"]
[SourceDate "2016.10.25"]
[SourceVersion "1"]
[SourceVersionDate "2016.10.25"]
[SourceQuality "1"]

1. e4 e5 2. Nf3 Nc6 3. d4 exd4 4. Nxd4 Nf6 5. Nc3 Bb4 6. Nxc6 bxc6 7. Bd3 0-0 8. 0-0 Re8 9. Bg5 Be7 10. Re1 h6 11. Bh4 d6 12. h3 Nh5 13. Bxe7 Qxe7 14. Qxh5 Qf6 15. Qf3 Qd8 16. Qf4 Be6 17. Ne2 c5 18. c4 g5 19. Qf3 c6 20. Ng3 d5 21. Nh5 dxc4 22. Bc2 Rb8 23. Nf6+ 1-0

[Event "CZE-ch U12 Girls"]
[Site "Kouty nad Desnou"]
[Date "2015.03.11"]
[Round "6"]
[White "Beranova, Karin"]
[Black "Pilna, Jitka"]
[Result "0-1"]
[WhiteElo "1436"]
[BlackElo "1100"]
[PlyCount "126"]
[EventDate "2015.03.07"]
[EventType "swiss"]
[EventRounds "9"]
[EventCountry "CZE"]
[SourceTitle "EXT 2017"]
[Source "ChessBase"]
[SourceDate "2016.10.25"]
[SourceVersion "1"]
[SourceVersionDate "2016.10.25"]
[SourceQuality "1"]

1. e4 e5 2. Nc3 Nc6 3. f4 exf4 4. Nf3 g5 5. h3 d6 6. Qe2 h6 7. d3 Bg7 8. Bd2 Nge7 9. 0-0-0 0-0 10. Qf2 Ng6 11. d4 Bd7 12. a3 a6 13. d5 Nce5 14. Nxe5 Nxe5 15. h4 gxh4 16. Rxh4 Ng4 17. Qxf4 Qxh4 18. Be2 Rae8 19. g3 Qf6 20. Qxf6 Bxf6 21. Rh1 Bg7 22. Bxg4 Bxg4 23. Rh4 h5 24. Kb1 Bf6 25. Rh2 Bxc3 26. bxc3 Rxe4 27. Kb2 Re2 28. Rxe2 Bxe2 29. Kb3 c6 30. dxc6 bxc6 31. Bf4 d5 32. Bh6 Rb8+ 33. Ka2 Bc4+ 34. Ka1 Kh7 35. Bf4 Re8 36. Kb1 Re4 37. Bd2 h4 38. gxh4 Rxh4 39. Bg5 Rh2 40. Bf6 Rf2 41. Bd4 Rf1+ 42. Kb2 f5 43. a4 f4 44. a5 Rh1 45. Ka3 Rh2 46. Ka4 Rxc2 47. Bg1 f3 48. Bd4 f2 49. Bxf2 Rxf2 50. Kb4 Rc2 51. Ka3 Rxc3+ 52. Ka4 Rc1 53. Kb4 Bf1 54. Kb3 d4 55. Kb2 Rc5 56. Ka3 d3 57. Kb3 d2 58. Kb4 Rc1 59. Ka3 d1Q 60. Kb4 Qd4+ 61. Ka3 Rc3+ 62. Kb2 Qd2+ 63. Kb1 Rc1# 0-1